Práva a povinnosti rozpočtových organizácií v otázkach a odpovediach

Právne vymedzenie práv a povinností rozpočtovej organizácie podľa zákona č. 523/2004 Z.z. o rozpočtových pravidlách verejnej správy a o zmene a doplnení niektorých zákonov v z.n.p. Preddavkové organizácie v rozpočtovej organizácii.

Salvato in:
Dettagli Bibliografici
Autore principale: Konečná Veverková, Ingrid
Natura: Capitolo di libro
Lingua:slovacco
Soggetti:
Tags: Aggiungi Tag
Nessun Tag, puoi essere il primo ad aggiungerne!!

MARC

LEADER 00000naa a2200000 4500
001 0243637
005 20180528095939.5
041 0 |a slo 
044 |a SK 
245 1 0 |a Práva a povinnosti rozpočtových organizácií v otázkach a odpovediach  |c Ingrid Konečná Veverková 
520 |a Právne vymedzenie práv a povinností rozpočtovej organizácie podľa zákona č. 523/2004 Z.z. o rozpočtových pravidlách verejnej správy a o zmene a doplnení niektorých zákonov v z.n.p. Preddavkové organizácie v rozpočtovej organizácii. 
610 2 0 |a správa verejná 
610 2 0 |a zákony 
610 2 0 |a úpravy právne 
610 2 0 |a organizácie rozpočtové 
610 2 0 |a práva špeciálne 
610 2 0 |a preddavky 
100 1 |a Konečná Veverková, Ingrid